Statistiken für Top 15 der betroffenen Covid-19-Länder - 26. Juli

Klicken Sie hier um das Quiz zu spielen!

Allgemein

  • Dieses Quiz wurde 12 mal gespielt
  • Das Durchschnittsergebnis liegt bei 14 aus 25

Antwortstatistiken

Land% Korrekt
Italien
100%
Vereinigte Staaten
100%
Brasilien
91%
Indien
91%
Spanien
91%
Vereinigtes Königreich
91%
Mexiko
82%
Peru
82%
Russland
82%
Chile
55%
Chile
55%
Iran
55%
Panama
45%
Saudi-Arabien
45%
Schweden
45%
Katar
36%
Kolumbien
36%
Südafrika
36%
Bahrain
27%
Kuwait
27%
Oman
27%
Pakistan
27%
Singapur
18%
Weißrussland
18%
Armenien
9%

Verteilung der Resultate

Perzentil nach korrekt beantworteten Fragen

Anzahl Personen mit jedem Resultat

Ihre Resultats-Entwicklung

Sie haben dieses Quiz noch nicht gespielt